000 00756nam a2200217Ia 4500
003 GCL
008 140319s9999 xx 000 0 ara d
020 _a9355652977
040 _aGCL /
_cGCL
082 0 4 _a214.27
_bح م
100 1 _aحسين كفافى
245 1 0 _aالمحبة والسلام بين المسيحية والاسلام /
_cحسين كفافى
250 _aالاولى
260 _aالقاهرة :
_bمركز المحروسة للبحوث والتدريب والنشر ،
_c1996
300 _a212 ص ؛
_c24 سم
490 _aالهيئة العامة للاستعلامات
_v0
650 0 4 _aالاسلام
650 0 4 _aالاسلام والمسيحية
650 0 4 _aالثقافة الاسلامية
942 _2ddc
_cBK
999 _c48447
_d48447